000
00304nam a22001337a 4500
020
_a
9780241454145
082
_a
813.6
_b
KIN
100
_a
Kinney,Jeff
245
_a
Diary of a wimpy kid big shot
260
_a
UK:
_b
Penguin random house,
_c
2021,
300
_a
217p.;
563
_a
PB
942
_2
ddc
_c
BK
999
_c
614780
_d
614780